Les fuseaux horaires du monde - Mort subite - Statistiques

Statistiques générales
  • Ce quiz a été pris 35 fois
  • Le résultat moyen est 3 sur 10
Answers on the Grid
Answers color-coded by a green-red scale on the quiz's grid according to % correct below.
Il est 10h à Paris, 1h à Los Angeles
Il est 10h à Paris, 16h à Pékin
Il est à 20h à Paris, 19h à Londres
Il est 5h à Buenos Aires, 9h à Lisbonne
Il est 15h à Lisbonne, 17h à Moscou
Il est 16h à Singapour, 10h au Cap
Il est 18h à Sydney, 16h à Pékin
Il est 8h à Abidjan, 10h à Paris
Il est 4h à New York, 18h à Sydney
Il est 9h à Londres, 9h à Lisbonne
Il est 1h à Los Angeles, 5h à New York
Il est 21 à Paris, 23h à Moscou
Il est 10h au Cap, 17h à Singapour
Il est 6h à Buenos Aires, 4h à New York
Il est 10h à Abidjan, 13h au Cap
Il est 1h à Paris, 2h à Marseille
 
Statistiques - réponses
Réponse % Correct
Il est à 20h à Paris, 19h à Londres
71%
Il est 9h à Londres, 9h à Lisbonne
59%
Il est 8h à Abidjan, 10h à Paris
35%
Il est 15h à Lisbonne, 17h à Moscou
29%
Il est 10h à Paris, 16h à Pékin
24%
Il est 10h à Paris, 1h à Los Angeles
18%
Il est 4h à New York, 18h à Sydney
18%
Il est 5h à Buenos Aires, 9h à Lisbonne
18%
Il est 18h à Sydney, 16h à Pékin
12%
Il est 16h à Singapour, 10h au Cap
6%
Aucun quiz correspondant
Distribution des résultats
% des personnes avec chaque résultat
Percentile par nombre de réponses
Votre historique - résultats
Vous n’avez pas pris ce quiz